Welcome to the Holygrace Academy Library

Please use search bar below to get started

JACKSON, SHIRLEY (Record no. 4677)

MARC details
000 -LEADER
fixed length control field 00220nam a22001097a 4500
082 ## - DEWEY DECIMAL CLASSIFICATION NUMBER
Classification number 823
Item number JAC/M
245 ## - TITLE STATEMENT
Title JACKSON, SHIRLEY
260 ## - PUBLICATION, DISTRIBUTION, ETC. (IMPRINT)
Place of publication UK
Name of publisher LADYBIRD
300 ## - PHYSICAL DESCRIPTION
Number of Pages 30
650 ## - SUBJECT ADDED ENTRY--TOPICAL TERM
Topical Term ENGLISH SHORT STORY
Geographic subdivision UK
942 ## - ADDED ENTRY ELEMENTS (KOHA)
Koha item type Books
Holdings
Withdrawn status Lost status Collection code Home library Current library Shelving location Date acquired Source of acquisition Full call number Accession Number Koha item type
    Fiction Main Library Main Library SHELF-3-H-LADYBIRD STORY BOOKS 08/04/2014 PURCHASE 823 JAC/M 08513 Books